Biofictions (Record no. 92023)

MARC details
000 -LEADER
fixed length control field 01204nam a2200205Ii 4500
008 - FIXED-LENGTH DATA ELEMENTS--GENERAL INFORMATION
fixed length control field 221202s xx 000 0 und d
100 1# - MAIN ENTRY--PERSONAL NAME
Personal name Gill, Josie,
Relator term author
245 #0 - TITLE STATEMENT
Title Biofictions
246 ## - VARYING FORM OF TITLE
Title proper/short title Race, Genetics and the Contemporary Novel
264 ## - PRODUCTION, PUBLICATION, DISTRIBUTION, MANUFACTURE, AND COPYRIGHT NOTICE
Name of producer, publisher, distributor, manufacturer Bloomsbury Academic
Date of production, publication, distribution, manufacture, or copyright notice 2020
300 ## - PHYSICAL DESCRIPTION
Extent 1 online resource
336 ## - CONTENT TYPE
Content type term text
Content type code txt
Source rdacontent
337 ## - MEDIA TYPE
Media type term computer
Media type code c
Source rdamedia
338 ## - CARRIER TYPE
Carrier type term online resource
Carrier type code cr
Source rdacarrier
520 ## - SUMMARY, ETC.
Summary, etc. In this important interdisciplinary study, Josie Gill explores the ways in which the contemporary novel has drawn on and helped shape debates about race and identity in 21st century genetic science. Reading works by leading contemporary writers such as Zadie Smith, Alex Haley, Octavia Butler and Salman Rushdie, Biofictions demonstrates how ideas of race are produced from intersecting genetic and fictional narratives which together create stories about racism, ancestry and kinship.
653 ## - INDEX TERM--UNCONTROLLED
Uncontrolled term Comparative Literature
653 ## - INDEX TERM--UNCONTROLLED
Uncontrolled term Literary Criticism
856 ## - ELECTRONIC LOCATION AND ACCESS
Uniform Resource Identifier <a href="https://docs.google.com/spreadsheets/d/1yKIrdCPDAG_9c22mwoOIO2DOhtj65Wqa/edit?usp=sharing&ouid=106555315294820607512&rtpof=true&sd=true ">https://docs.google.com/spreadsheets/d/1yKIrdCPDAG_9c22mwoOIO2DOhtj65Wqa/edit?usp=sharing&ouid=106555315294820607512&rtpof=true&sd=true </a>
Link text List of Curated E-Books
942 ## - ADDED ENTRY ELEMENTS (KOHA)
Koha item type E-Book

No items available.

University of Rizal System
Email us at univlibservices@urs.edu.ph

Visit our Website www.urs.edu.ph/library